Normal view
MARC view
- Montes de Oca, Francisco,
Entry Nombre Personal
001 - NUMERO DE CONTROL
- campo de control: 29641
003 - IDENTIFICADOR DE NUMERO DE CONTROL
- campo de control: UPN
005 - FECHA Y HORA DE LA ÜLTIMA TRANSACCIÓN
- campo de control: 20210219194405.0
008 - DATOS DE LONGITUD FIJA
- campo de control de longitud fija: nabaccnnaabn|||||||||| b |nc|||||d
035 ## - NUMERO DE CONTROL
- Número de control: UPN11000001747
040 ## - FUENTE DE CATALOGACIÓN
- Lenguaje de catalogación: SPA
- Agencia de transcripción: UPN
100 1# - ENCABEZAMIENTO - NOMBRE PERSONAL
- Nombre personal: Montes de Oca, Francisco,
- Fechas asociadas con el nombre: 1837-1885
670 ## - FUENTE EN LA QUE SE LOCALIZARON DATOS
- Cita de la fuente: Diccionario Porrúa de historia, biografía y geografía de México
- Información localizada: Ocho siglos de poesía en lengua castellana
680 ## - NOTA PUBLICA DE ACCESO PÚBLICO
- Encabezamiento o subdivisión: Médico mexicano
902 ## - CATALOGADOR
- Catalogador: DAA/260608
